| 000 | 00437nam a22000977a 4500 | ||
|---|---|---|---|
| 008 | 150720b xxu||||| |||| 00| 0 eng d | ||
| 010 | _8HCCRS ARF:030 | ||
| 245 | _aHIGH COURT CRIMINAL SESSION NO.68 OF 1974 Uganda Vs 1.Vincent Kagwa 2.John Malinga 3.Joseph Muganga 4.Paul Semakula 5.Wilson Kiwendo 6.Yowana Magambo 7.Yowakimu Akorimari 8.Muyingo Kyigongo | ||
| 260 | _aHigh Court Kampala | ||
| 500 | _3Before: Hon. Mr. Ag. Justice J.M.K.Kakooza | ||
| 999 |
_c7900 _d7900 |
||